| 000 | 00812nam a22002777a 4500 | ||
|---|---|---|---|
| 001 | 5090 | ||
| 003 | FISKH | ||
| 005 | 20241105154109.0 | ||
| 008 | 241105b cb ||||| |||| 00| 0 eng d | ||
| 020 | _a9780590442527 | ||
| 040 |
_aFISKH _beng _cFISKH _dFISKH |
||
| 050 | _aD769.A6 | ||
| 082 | _a940.53 | ||
| 100 | _aSteiger, Brad | ||
| 245 |
_aBeyond Belief : _bStrange, True Mysteries of the Unknown / _cby Brad Steiger |
||
| 250 | _aFirst Scholastic printing, October 1991 | ||
| 260 |
_aNew York : _bScholastic ; _c1991 . |
||
| 300 |
_a151 pages : _billustratios ; _c18 cm . |
||
| 505 | _aZ | ||
| 520 | _aExplores unusual and unexplained phenomena. | ||
| 521 | 8 |
_a1230
_bLexile |
|
| 521 | 8 |
_aZ
_bRaz-Plus |
|
| 650 |
_aparanormal _vnon-fiction |
||
| 942 |
_2ddc _cBK _n0 |
||
| 999 |
_c5090 _d5090 |
||